Music Quiz

Random Music or Lyrics Quiz

Jessie J - Price Tag Quiz Stats

 Plays Quiz not verified by Sporcle

Challenge
Share
Tweet
Embed
Score 0/300 Timer 09:00
1 Play Today
% Correct
a
96.8%
a
96.8%
a
96.8%
a
96.8%
a
96.8%
a
96.8%
a
96.8%
price
95.3%
price
95.3%
price
95.3%
price
95.3%
price
95.3%
price tag
95.3%
I
94.5%
I
94.5%
I
94.5%
I
94.5%
the
94.2%
the
94.2%
the
94.2%
the
94.2%
the
94.2%
the
94.2%
the
94.2%
the
94.2%
the
94.2%
the
94.2%
the
94.2%
the
94.2%
the
94.2%
the
94.2%
the
94.2%
the
94.2%
Every
91.1%
for
90.3%
for
90.3%
You
89%
you
89%
you
89%
you
89%
You
89%
and
88.7%
and
88.2%
And
88.2%
and
88.2%
And
88.2%
and
88.2%
and
88.2%
And
88.2%
and
88.2%
And
88.2%
And
88.2%
and
88.2%
And
88.2%
and
88.2%
and
88.2%
And
88.2%
everybody
87.9%
Everybody
87.9%
Everybody
87.9%
everybody
87.9%
money (x3)
87.3%
money (x3)
87.3%
Money
87.3%
about
87%
about
87%
about
87%
about
87%
about
87%
Just
86.5%
just
86.5%
it
86.5%
it
86.5%
Just
86.5%
We
86%
We
86%
tag
86%
tag
86%
We
86%
we
86%
tag
86%
we
86%
We
86%
we
86%
we
86%
we
86%
to
85.2%
to
85.2%
to
85.2%
to
85.2%
to
85.2%
got
84.2%
Got
84.2%
When
83.1%
When
83.1%
at
82.5%
Forget
82.3%
Forget
82.3%
Forget about the
82.3%
world
82.2%
% Correct
world
82.2%
how
82%
night
81.2%
night
81.2%
your
81%
your
81%
like
81%
like
81%
so
80.8%
so
80.8%
so
80.8%
so
80.8%
So
80.8%
So
80.8%
So
80.8%
So
80.8%
right
80.8%
right
80.8%
not
80.6%
they
80.5%
your
80.5%
sleep
80.3%
It's
80.2%
It's
80.2%
wanna
80.1%
Wanna
80.1%
do
80.1%
wonder
80%
make
80%
make
80%
is
79.5%
is
79.5%
dance
79.3%
dance
79.3%
left
79.2%
Can
79.2%
Can
79.2%
can
79.2%
can
79.2%
need
79.1%
need
79.1%
need
79.1%
don't
78.8%
Seems
77.9%
look
77.7%
look
77.7%
comes
77.3%
comes
77.3%
Yeah, yeah Oh-oh
77.3%
Why
77.1%
Why
77.1%
stop
76.9%
second
76.8%
see
76.7%
minute
76.5%
first
75.6%
Smile
74.9%
time
74.4%
time
74.4%
That
74.2%
that
74.2%
(yeah)
73.7%
(yeah)
73.7%
Yeah
73.7%
Yeah
73.7%
on
73.7%
truth
73.5%
love
73.1%
love
73.1%
in
72.5%
in
72.5%
on
72.3%
can't
72.1%
can't
72.1%
can't
72.1%
feel
71%
tonight
71%
all
69.9%
all
69.9%
all
69.9%
all
69.9%
everybody's
69.5%
serious
68.8%
sale
67.8%
with
67.4%
Ba-Bling Ba-Bling
66.8%
back
66.5%
back
66.5%
back
66.5%
have
66%
Acting
65.6%
damn
65.4%
We're
65.2%
Ain't
65.2%
Ain't
65.2%
ain't
65.2%
us
65.1%
us
65.1%
good
64.9%
mysterious
63.9%
% Correct
take
63.7%
take
63.7%
Cha-Ching Cha-Ching
62.3%
even
60.8%
high
60.7%
music
60.3%
Moon Head
59.9%
shades
59.7%
eyes
59.4%
heels
58.8%
buy
58.5%
happiness
58.2%
their
58.1%
their
58.1%
their
58.1%
made
56.5%
Coconut Man
56.1%
unite
55.9%
be
55.4%
video
54.5%
now
54.1%
ready
52.9%
down
52.5%
Am
50.6%
one
50.1%
obsessed
49.8%
wasn't
49.6%
me
49.6%
me
49.6%
only
48.8%
slow
48.6%
enjoy
48.2%
paying
47.6%
hoes
46.4%
tired
46.1%
getting
45.4%
alright
43.7%
Pea
42.8%
(uh)
41.4%
Uh
41.4%
uh
41.4%
feeling
41.1%
we'll
40.9%
Well
40.9%
Okay
40%
blows
38.9%
low
34.8%
Guarantee
34.5%
cash
33.9%
Are
32.4%
this
31.9%
this
31.9%
I'm
31.7%
six
30.9%
give
28.9%
everyone
28.5%
everyone
28.5%
keys
28.2%
strings
28%
Mars
27.9%
keep
27.7%
keep
27.7%
keep
27.7%
guitars
26.9%
man
26.4%
put
25.6%
cars
25.1%
garage
25%
leaving
25%
leaving
25%
seconds
24.6%
30
24.2%
life
23.2%
fight
23.2%
Leave
22.8%
half
22.5%
sacrifice
21.1%
beat
20.3%
what
20%
stack
19.9%
bring
18.6%
gonna
18.5%
gonna
18.5%
of
18%
Never
17.6%
yes
15.7%
sing
15.7%
then
14.3%
feet
14.1%
These
12.6%
undefeatable
11.7%
guess
11.5%
Moving
11.3%
odds
11.1%
defeat
9.8%
sign
9.4%
fall
9.2%
across
8.7%
stumble
8.6%
Waiting
6.6%

You're not logged in!

Compare scores with friends on all Sporcle quizzes.
OR
Log In

You Might Also Like...

Show Comments

Extras

Created Jul 24, 2012ReportNominate
Tags:Lyrics Quiz, jessie, price, tag

Top Quizzes Today


Score Distribution

Your Account Isn't Verified!

In order to create a playlist on Sporcle, you need to verify the email address you used during registration. Go to your Sporcle Settings to finish the process.

Report this User

Report this user for behavior that violates our Community Guidelines.

Details: